Foods that are White - Statistics

General Stats
  • This quiz has been taken 187 times
  • The average score is 12 of 13
Answer Stats
Picture Answer % Correct
Garlic
99%
Rice
99%
Bread
98%
Coconut
98%
Egg
98%
Marshmallow
97%
Mushroom
97%
Sugar
94%
Cauliflower
91%
Onion
89%
Yogurt
84%
Cashew nut
72%
Tofu
70%
No matching quizzes found
Score Distribution
Percent of People with Each Score
Percentile by Number Answered
Your Score History
You have not taken this quiz